000 00295nam a2200109Ia 4500
008 171211s9999 xx 000 0 und d
245 _aDroid 2 For Dummies
245 _cDan Gookin
260 _c2010
650 _xIT eBOOKS
856 _uhttp://down.ebook777.com/020/Droid%202%20For%20Dummies.pdf
999 _c349872
_d349872